La deuda orientalista: el marxismo y la cuestión colonial /

El autor presenta una discusión sobre el pensamiento de Karl Marx y su relación con la realidad Latinoamericana, para ello lanza la pregunta ¿Qué nos permiten entrever Marx y la tradición Marxista de la condición colonial como elemento circunstancial de nuestra realidad? que se convierte en el hilo...

Disgrifiad llawn

Wedi'i Gadw mewn:
Manylion Llyfryddiaeth
Prif Awdur: Roque Baldovinos, Ricardo
Fformat: Texto
Pynciau:
Tagiau: Ychwanegu Tag
Dim Tagiau, Byddwch y cyntaf i dagio'r cofnod hwn!

MARC

LEADER 00000 a a2200000 04500
001 5256
003
040
100 |a Roque Baldovinos, Ricardo  
245 |a La deuda orientalista:   |b el marxismo y la cuestión colonial /  |c Ricardo Roque Baldovinos 
520 |a El autor presenta una discusión sobre el pensamiento de Karl Marx y su relación con la realidad Latinoamericana, para ello lanza la pregunta ¿Qué nos permiten entrever Marx y la tradición Marxista de la condición colonial como elemento circunstancial de nuestra realidad? que se convierte en el hilo conductor de su discurso  
650 |a MARXISMO  
650 |a TEORIA SOCIAL  
650 |a AMERICA LATINA  
773 |g volumen 62, número 707; páginas 843-  
999 |c 32778  |d 32778 
773 0 |0 18723  |9 2719  |a Universidad Centroamericana José Simeón Cañas (UCA)  |d San Salvador, El Salvador Universidad Centroamericana José Simeón  |o 04515  |t ECA: